[Event "POR-chT 1st League 2017"]
[Site "Leiria"]
[Date "2017.07.17"]
[Round "1"]
[White "Iturrizaga Bonelli, Eduardo"]
[Black "Medarde Santiago, Luis Marcos"]
[Result "1-0"]
[WhiteElo "2664"]
[BlackElo "2354"]
[Annotator "TA"]
[PlyCount "61"]
[EventDate "2017.??.??"]
[EventType "team-tourn"]
[EventCountry "POR"]
[SourceTitle "playchess.com"]
[Source "ChessBase"]
[SourceQuality "1"]

{[%evp 16,61,14,6,11,-3,3,0,0,-3,0,0,0,-10,0,-10,19,12,18,26,60,62,41,34,39,35,87,90,110,123,118,121,111,125,122,92,145,126,161,169,162,151,152,142,737,713,1030,988]} 1. d4 Nf6 2. c4 e6 3. g3 d5 4. Bg2 Be7 5. Nf3 {[%cal Bg1f3,Bf3d4,Bd4b5,Bb5c3][%mdl 32]} O-O 6. b3 dxc4 7. bxc4 c5 8. O-O cxd4 {A14: English Opening: 1...e6 with b3 by White} 9. Nxd4 {LiveBook: 3 Games} Qc7 (9... Qb6 $5 {[%cal Rf8d8]} 10. Be3 Rd8 $11) 10. Nd2 $146 ({Predecessor:} 10. Qb3 a6 11. Ba3 Bxa3 12. Nxa3 e5 13. Ndc2 Nbd7 14. Rab1 Nc5 15. Qb6 Qe7 16. Ne3 {½-½ (46) McGowan,G (2415)-Sandipan,C (2600) Edmonton 2005}) 10... Bd7 {The position is equal.} 11. Rb1 Nc6 12. Nb5 Qc8 13. Nb3 e5 14. Bg5 Rd8 {Threatens to win with ...Bf5.} 15. Qc1 Bf5 16. Rb2 a6 17. Nc3 Bh3 18. Bxf6 Bxf6 19. Nd5 {aiming for Nb6.} Bxg2 20. Kxg2 Ne7 (20... Rb8 $14) 21. e4 $16 Nxd5 22. cxd5 Be7 23. Rc2 Qb8 24. Qb2 a5 25. Rfc1 $36 {[%mdl 2048] White is on the roll.} Bg5 (25... Bf8 $142) 26. Rb1 b6 27. Rc6 b5 28. Nc5 b4 29. a3 bxa3 $2 {[%mdl 8192] [#]} (29... Be7 $16) 30. Qa2 $18 Qa7 31. Rb7 {Precision: White = 94%, Black = 37%.} 1-0

[Event "POR-chT 1st League 2017"]
[Site "Leiria"]
[Date "2017.07.17"]
[Round "1"]
[White "Cuenca, Jose Fdo"]
[Black "Fier, Alexandr"]
[Result "1-0"]
[WhiteElo "2498"]
[BlackElo "2589"]
[Annotator "TA"]
[PlyCount "89"]
[EventDate "2017.??.??"]
[EventType "team-tourn"]
[EventCountry "POR"]
[SourceTitle "playchess.com"]
[Source "ChessBase"]
[SourceQuality "1"]

{[%evp 26,89,0,0,-3,-8,0,-10,-3,-3,-3,-3,-3,-2,0,-2,-7,-8,31,38,69,77,91,66,450,508,555,-58,532,558,537,532,543,563,564,568,559,554,552,487,485,312,506,495,552,554,606,484,498,447,452,449,539,553,575,580,548,548,739,738,664,720,700,672,1161,1133]} 1. d4 Nf6 2. c4 g6 3. Nc3 Bg7 4. e4 O-O 5. Nf3 d6 6. Be2 e5 7. d5 a5 8. Bg5 h6 9. Be3 Ng4 {E92: King's Indian: Classical: 6 Be2 e5: 7 dxe5, 7 Be3 and Petrosian System without 7...Nbd7} 10. Bd2 f5 11. h3 Nf6 12. exf5 gxf5 13. Qc1 f4 14. g3 {LiveBook: 28 Games} e4 $1 {[%cal Re4f3]} 15. Nh4 {[%cal Bf3h4,Bh4g6,Bg6f4][%mdl 32]} e3 $1 {[%cal Re3d2]} 16. fxe3 fxg3 {And now ...Ne4! would win.} 17. Ng6 {[#]} Re8 $146 18. Rg1 Bf5 19. Rxg3 Nbd7 20. Nf4 Nc5 21. Bf3 $132 {[%mdl 2048] White is not keeping still} Nfd7 22. Ke2 Kh7 (22... Qh4 $2 23. Qg1 $16) 23. Qg1 Be5 {[#] Threatens to win with ...Bxf4.} 24. Bg4 $1 {[%cal Rg4f5]} Bxg4+ $2 {[%mdl 8192]} ({Of course not} 24... Qf6 $6 25. Rf3 $11) (24... Qg5 $14 25. Bh5 Qf6 26. Bxe8 Rxe8) 25. Rxg4 $18 {Qb1+ would kill now.} Bxf4 {[#]} 26. Rg7+ $1 ({Less strong is} 26. Rxf4 Rg8 $14) 26... Kh8 27. Qg6 {[%csl Gg6][%cal Rg7h7]} Nf6 {Strongly threatening ...Re7.} 28. Rf1 ({Not} 28. Rf7 Rg8 $15) 28... Re7 29. Rxe7 Qxe7 30. Rxf4 Rf8 31. Qxh6+ Kg8 32. Qg6+ Qg7 33. Qxg7+ Kxg7 34. Nb5 {White is clearly winning.} Nce4 35. Nxc7 Rc8 36. Ne6+ Kg6 37. Kd3 Nxd2 38. Kxd2 {[%mdl 4096] Endgame KRN-KRN} Nd7 39. b3 a4 40. Nd4 axb3 41. axb3 {[%cal Ba2b3,Bb3b4][%mdl 32]} Nc5 42. b4 Na6 43. Kc3 Re8 44. Ne6 b6 45. Rf8 {Precision: White = 93%, Black = 41%.} 1-0

[Event "POR-chT 1st League 2017"]
[Site "Leiria"]
[Date "2017.07.17"]
[Round "1"]
[White "Martinez Duany, Lelys Stanley"]
[Black "Sprenger, Jan Michael"]
[Result "1/2-1/2"]
[WhiteElo "2495"]
[BlackElo "2514"]
[Annotator "TA"]
[PlyCount "71"]
[EventDate "2017.??.??"]
[EventType "team-tourn"]
[EventCountry "POR"]
[SourceTitle "playchess.com"]
[Source "ChessBase"]
[SourceQuality "1"]

{[%evp 15,71,2,8,0,8,0,0,0,3,2,9,14,10,13,29,9,18,0,7,-44,-37,-42,51,51,95,22,82,0,6,-9,-13,-45,-51,-58,-58,-55,-50,-47,-68,-76,-52,-67,0,0,0,0,0,0,0,0,0,0,0,-7,0,0,0,0]} 1. Nf3 d5 2. b3 Nf6 3. Bb2 Bf5 4. g3 (4. e3 e6 5. Be2 h6 6. c4 c6 7. Nc3 Nbd7 8. d4 Ne4 9. Nxe4 Bxe4 10. O-O Bd6 11. h3 O-O 12. Nd2 Bh7 13. a3 Qe7 14. b4 a6 {0-1 (52) Bacrot,E (2695)-Meier,G (2630) chess.com INT 2017}) 4... h6 5. Bg2 e6 6. c4 {A06: Réti Opening:1 Nf3 d5} Be7 7. O-O O-O 8. d4 Nbd7 {LiveBook: 3 Games} 9. Nc3 Ne4 10. Nd2 {[%cal Rd2e4]} Nxc3 11. Bxc3 Nf6 12. b4 $146 ({Predecessor:} 12. f3 c5 13. e4 dxe4 14. Nxe4 Nxe4 15. fxe4 {1-0 (29) Pietrasanta,J-Noel,X Montlucon 1997}) 12... c6 13. a4 Rc8 14. Qb3 b6 15. Rfd1 Qc7 16. Rac1 a5 17. b5 (17. bxa5 $11 bxa5 18. Qa2) 17... cxb5 $15 18. Qxb5 Ne4 (18... Qc6 $15) 19. Nxe4 $14 dxe4 20. Bd2 (20. c5 $1 $16 {[%cal Rc5b6]} bxc5 21. Bxa5) 20... Rfd8 {[#]} (20... Rcd8 $11 {keeps the balance.}) 21. Bf4 (21. c5 $1 $16 {[%cal Rc5b6][%mdl 512]} Rxd4 (21... bxc5 22. Bxa5) 22. e3 (22. cxb6 Qxc1 23. Rxc1 Rxc1+ 24. Bxc1 Rd1+ 25. Bf1 Bh3 $17) 22... Rxd2 23. Rxd2) 21... Qd7 22. h3 Ba3 $36 {[%mdl 2048] White is under pressure.} 23. Rc2 e3 24. Ra2 exf2+ 25. Kxf2 Bb4 26. Qxd7 Rxd7 27. e4 Bg6 28. Rc2 Rcd8 (28... f6 $15) 29. Be3 $11 {The position is equal.} f5 30. exf5 Bxf5 31. Ra2 Rc8 32. g4 Bg6 33. Rc1 Rdc7 34. d5 exd5 35. Bxd5+ Bf7 {[#] aiming for ...Bxd5.} 36. Rd1 {Precision: White = 38%, Black = 42%.} 1/2-1/2

[Event "POR-chT 1st League 2017"]
[Site "Leiria"]
[Date "2017.07.17"]
[Round "1"]
[White "Petkov, Vladimir"]
[Black "Tubio Agrasar, Pablo"]
[Result "1/2-1/2"]
[WhiteElo "2489"]
[BlackElo "1988"]
[Annotator "TA"]
[PlyCount "74"]
[EventDate "2017.??.??"]
[EventType "team-tourn"]
[EventCountry "POR"]
[SourceTitle "playchess.com"]
[Source "ChessBase"]
[SourceQuality "1"]

{[%evp 16,74,14,-10,0,-1,4,-42,-37,-42,-32,-42,10,-2,53,72,69,24,45,24,19,19,85,100,89,91,164,155,137,0,32,32,32,23,37,27,6,0,0,0,0,0,0,-67,-57,-41,0,0,0,0,0,0,0,0,0,0,0,0,0,0,0]} 1. d4 Nf6 2. c4 g6 3. g3 Bg7 4. Bg2 d6 5. Nc3 O-O 6. Nf3 c5 7. O-O Nc6 8. d5 Na5 9. Qd3 {LiveBook: 49 Games} Rb8 {E66: King's Indian: Fianchetto: 6...c5 7 0-0 Nc6 8 d5} (9... a6 10. Rb1 b5 11. Nd2 Nd7 12. cxb5 axb5 13. Nxb5 Ba6 14. a4 Rb8 15. b3 Ne5 16. Qe4 Bxb5 17. axb5 Rxb5 18. Ba3 {½-½ (32) Plat,V (2519)-Van Kampen,R (2640) Baku 2016}) 10. Bf4 a6 11. Rab1 b5 {Hoping for ...b4.Black is slightly better.} 12. cxb5 c4 $1 {[%cal Rc4d3]} 13. Qd2 Bf5 $146 (13... axb5 $15 14. Nd4 b4) ({Predecessor:} 13... axb5 14. b4 cxb3 15. axb3 b4 16. Na2 {½-½ (40) Kiripitige,P (1872)-Prasad,L Wahroonga 2014}) 14. Rbe1 $11 Ne4 (14... axb5 $11 15. e4 Bd7) 15. Nxe4 $14 Bxe4 16. Nd4 (16. bxa6 $6 Rxb2 17. Qc1 Qb6 $15) (16. Bh6 $5 {[%cal Rh6g7]} Bxf3 17. exf3 $14 (17. Bxf3 Bxh6 18. Qxh6 Rxb5 $11)) 16... Bxg2 17. Kxg2 axb5 18. Bh6 Qb6 (18... Bxh6 $11 {keeps the balance.} 19. Qxh6 Qb6) 19. Bxg7 $16 Kxg7 20. h4 h5 (20... Qc5 $16) 21. e4 $18 b4 {[#]} 22. Re3 (22. Nf5+ $1 $16 gxf5 23. exf5 (23. Qg5+ Kh8 $14)) 22... Rfc8 {Strongly threatening ...c3!} (22... c3 $5 {[%cal Rc3d2]} 23. Qd3 Rfc8 $11) 23. Rf3 c3 $1 {[%cal Rc3d2]} 24. bxc3 bxc3 25. Rxc3 Nc4 $132 {[%mdl 2048] Black is not keeping still} 26. Nf5+ gxf5 27. Qg5+ Kf8 28. Rfc1 Qd4 {[#] Threatens to win with ...Rb2.} 29. Qxf5 (29. Rxc4 $1 $11 {[%mdl 512]} Rxc4 30. Rxc4 Qxc4 31. Qh6+ Ke8 32. Qh8+ Kd7 33. Qxb8) 29... Rc5 {aiming for ...Rb2.} 30. Qxh5 {And now Rxc4! would win.} Rb2 {[#]} 31. Rxc4 $1 {[%mdl 512] The position is equal.} Qxf2+ ({Much weaker is} 31... Rxf2+ $6 32. Kh3 $16) (31... Rxc4 32. Rxc4) 32. Kh3 {[%cal Rh5h8]} Qg2+ 33. Kg4 {[%cal Rh5h8]} Qe2+ 34. Kg5 {[%cal Rh5h8]} Qd2+ 35. Kg4 {[%cal Rh5h8]} Qe2+ 36. Kg5 {[%cal Rh5h8]} Qd2+ 37. Kg4 {[%cal Rh5h8]} Qe2+ {Precision: White = 71%, Black = 44%.} 1/2-1/2

[Event "POR-chT 1st League 2017"]
[Site "Leiria"]
[Date "2017.07.17"]
[Round "1"]
[White "Gonzalez Perez, Arian"]
[Black "Lombaers, Peter"]
[Result "*"]
[WhiteElo "2461"]
[BlackElo "2327"]
[Annotator "TA"]
[PlyCount "29"]
[EventDate "2017.??.??"]
[EventType "team-tourn"]
[EventCountry "POR"]
[SourceTitle "playchess.com"]
[Source "ChessBase"]
[SourceQuality "1"]

{[%evp 10,29,0,0,0,0,152,149,148,145,155,129,133,115,127,127,136,114,131,121,103,37]} 1. d4 d5 2. Bf4 Nf6 3. e3 c5 4. dxc5 (4. Nc3 a6 5. dxc5 e6 6. Na4 Bxc5 7. Nxc5 Qa5+ 8. c3 Qxc5 9. Nf3 Nc6 10. Bd3 h6 11. Ne5 O-O {1-0 (25) Carlsen,M (2832)-So,W (2812) Paris 2017}) 4... e6 5. b4 a5 6. c3 {LiveBook: 6 Games. D00: 1 d4 d5: Unusual lines} axb4 7. cxb4 b6 $2 (7... Bd7 $11) 8. Bxb8 $1 $16 {White is clearly better.} Rxb8 {[#]} 9. Bb5+ $1 Ke7 10. c6 Qd6 $146 ({Predecessor:} 10... Ra8 11. Nc3 Qc7 {1-0 (25) Thomas,R (2410)-Hernaez Fernandez,C (2409) Brazil CXEB 1999}) 11. a3 Ne8 12. Nc3 g6 13. Rc1 Bg7 14. Nf3 Nc7 {[#] ...Bxc3+ is the strong threat.} 15. Be2 (15. Qb3 $1 $16) *

[Event "POR-chT 1st League 2017"]
[Site "Leiria"]
[Date "2017.07.17"]
[Round "1"]
[White "Suarez Garcia, Carlos"]
[Black "Trigo Urquijo, Sergio"]
[Result "1-0"]
[WhiteElo "2455"]
[BlackElo "2389"]
[Annotator "TA"]
[PlyCount "115"]
[EventDate "2017.??.??"]
[EventType "team-tourn"]
[EventCountry "POR"]
[SourceTitle "playchess.com"]
[Source "ChessBase"]
[SourceQuality "1"]

{[%evp 18,115,28,15,20,19,20,0,9,0,0,0,9,5,14,0,0,0,0,0,0,0,117,104,112,107,109,112,105,106,151,164,167,156,156,168,166,148,150,176,171,168,152,156,154,150,184,183,162,150,188,78,99,108,103,101,110,103,162,184,181,168,295,290,281,277,273,266,251,243,379,355,304,172,374,341,1220,341,339,328,310,291,711,672,630,546,525,520,1072,1303,4739,4689,1558,907,807,704,4797,5414,1204,1085]} 1. d4 d6 2. Nf3 g6 3. c4 Bg7 4. Nc3 e5 5. g3 Nd7 6. Bg2 Ngf6 7. O-O O-O 8. e3 c6 9. b3 exd4 10. Nxd4 Qe7 {E61: King's Indian: Early deviations for White, including Smyslov System} (10... a5 11. Ba3 Nc5 12. Qd2 Qe7 13. Rad1 a4 14. b4 Nce4 15. Nxe4 Nxe4 16. Qd3 Re8 17. f3 Nf6 18. e4 {1-0 (37) Dautov,R (2603)-Zelbel,P (2408) Germany 2011}) 11. Ba3 Nc5 12. Qc2 Re8 {The position is equal.} 13. Rad1 Bg4 $146 ({Predecessor:} 13... a5 14. Rfe1 Nfd7 15. f4 h5 16. Nf3 Nb6 17. Ng5 a4 18. Bb4 axb3 19. axb3 {0-1 (59) Kuljabin,V (2384)-Beltugov,E (2248) Orsk 2000}) 14. Rd2 Rad8 15. h3 Bc8 16. Kh2 h5 17. Rfd1 h4 18. gxh4 Qe5+ 19. Kg1 Nfe4 (19... Qh5 $11 {remains equal.}) 20. Nxe4 Nxe4 21. Bxe4 Qxe4 22. Qxe4 Rxe4 23. Nf3 Bxh3 {[#]} 24. Ng5 $1 {[%cal Rg5e4]} Rxh4 25. Nxh3 Rxh3 26. Rxd6 Rxd6 27. Rxd6 $18 {[%mdl 4096] Endgame KRB-KRB} Rh5 28. Rd8+ Kh7 29. Rd7 Ra5 30. Bb4 Rxa2 31. Rxf7 {aiming for Bc3.} Kh6 32. Rxb7 a5 33. Bd6 Bc3 34. Bc5 (34. Rc7 $18) 34... a4 35. bxa4 Rxa4 {[#]} 36. Bf8+ $1 Kg5 37. c5 Ra1+ (37... Kf5 $16 {is a better defense.}) 38. Kg2 Ra2 39. Rf7 Rc2 (39... Kg4 {was worth a try.} 40. Rf4+ Kh5) 40. Be7+ Kh6 41. Kh3 g5 42. Kg4 Kg6 43. Rf5 Be1 (43... Bg7 {keeps fighting.} 44. Rxg5+ (44. Bxg5 Rc4+ 45. Bf4 Bh6 $18) 44... Kf7) 44. Rf6+ Kg7 45. f3 (45. Kxg5 Bxf2 46. Rf3 (46. Rxc6 Bxe3+ 47. Kf5 Rf2+ 48. Ke4 Bxc5 $14) 46... Re2 $16) (45. Rxc6 $142 Kf7 46. Bxg5) 45... Rg2+ $2 (45... Rxc5 46. Rf5 (46. Bxc5 Kxf6 47. Bb6 Kg6 $16) 46... Rc2) 46. Kf5 Rg3 $2 (46... Rf2 47. Kxg5 (47. Rxc6 Rxf3+ 48. Ke4 g4 $18) 47... Bc3 48. Rxc6 Rxf3) 47. Rxc6 $2 (47. Bf8+ Kg8 48. Kg6) 47... Rxf3+ 48. Ke4 ({Less strong is} 48. Kxg5 Rxe3 49. Rc7 Bb4 $16) 48... g4 49. Bd6 Rf1 $2 (49... Bf2 50. Be5+ Kf7) 50. Rc7+ {White is clearly winning.} Kf6 51. Be5+ Ke6 52. Rg7 g3 (52... Bb4 $142 53. c6 (53. Rxg4 Bxc5 54. Rg6+ Kf7 $14) 53... Rc1) 53. c6 Ba5 54. Rg6+ Ke7 55. Rxg3 Rd1 56. Bd4 Kd6 57. Rg6+ Kc7 58. Kd5 {Precision: White = 71%, Black = 36%.} 1-0

[Event "POR-chT 1st League 2017"]
[Site "Leiria"]
[Date "2017.07.17"]
[Round "1"]
[White "Zelbel, Patrick"]
[Black "Larino Nieto, David"]
[Result "1/2-1/2"]
[WhiteElo "2452"]
[BlackElo "2495"]
[Annotator "TA"]
[PlyCount "72"]
[EventDate "2017.??.??"]
[EventType "team-tourn"]
[EventCountry "POR"]
[SourceTitle "playchess.com"]
[Source "ChessBase"]
[SourceQuality "1"]

{[%evp 16,72,28,12,23,14,34,9,14,1,8,0,28,20,36,8,5,0,2,0,20,0,0,0,9,0,27,22,27,24,40,47,116,108,101,107,137,83,130,8,20,0,0,-50,-19,-26,0,-56,0,0,0,0,0,0,0,0,0,0,0]} 1. e4 g6 2. d4 c6 3. Nc3 d5 4. Nf3 Bg7 5. h3 dxe4 6. Nxe4 Nf6 7. Nxf6+ exf6 8. Bd3 O-O 9. O-O {LiveBook: 41 Games} Re8 {B15: Caro-Kann: 3 Nc3: 3...g6 and 3...dxe4 4 Nxe4 Nf6 5 Nxf6+ exf6} (9... a5 10. Bf4 Na6 11. c3 Be6 12. Re1 b5 13. a4 b4 14. c4 Qd7 15. Qc2 Rfd8 16. Rad1 b3 17. Qxb3 {1-0 (38) Sjugirov,S (2654)-Matnadze,A (2413) Minsk 2017}) 10. Bf4 Na6 11. c3 {[%cal Bc2c3,Bc3c4][%mdl 32]} Nc7 12. Re1 $146 ({Predecessor:} 12. Qb3 b5 13. Qc2 Be6 14. Rfe1 Qd7 15. Nd2 Bd5 16. Bh2 Ne6 17. Nf1 {½-½ (36) Le Duigou,J (2211)-Schiller,W (2216) IECG email 2006}) 12... Rxe1+ 13. Qxe1 Be6 14. c4 a5 15. a4 Na6 16. Rd1 {[%cal Ba1d1,Bd1e1,Be1e5][%mdl 32]} Qb6 17. Qc3 Nb4 18. Bf1 Re8 19. Bd6 Rd8 20. Re1 f5 (20... Rxd6 $5 21. c5 $8 Nd5 $11) 21. Be5 Bxe5 22. Rxe5 Rd7 23. Qe3 {Threatens to win with Qh6.} Nc2 {[#]} (23... Qd8 $14) 24. Qh6 $1 $16 Nxd4 25. Ng5 c5 {White should prevent ...f6.} 26. Qxh7+ Kf8 27. Qh8+ (27. f4 $16) 27... Ke7 $11 28. Nh7 {[%csl Gh7][%cal Rh8f8]} Kd6 29. f4 Qd8 30. Qg7 Qh4 31. Qf8+ ({Better is} 31. Rd5+ $1 $11 Bxd5 32. Qe5+ Kc6 33. cxd5+ Rxd5 {[#]} 34. Bb5+ $1 {[%mdl 512]} Nxb5 35. axb5+ Kb6 36. Qxd5 Qxh7 37. Qd8+ Kxb5 38. Qe8+ Kc4 39. Qe2+ Kb4 40. Qe1+ Kb5 41. Qe8+ Kb4 42. Qe1+ Kc4 43. Qe2+ Kb4 44. Qe1+) 31... Kc7 (31... Qe7 $1 $15) 32. Qxc5+ {The position is equal.} Kb8 {aiming for ...Nf3+!} 33. Ng5 Qxf4 34. Qf8+ Kc7 35. Qc5+ Kb8 36. Qf8+ Kc7 {Precision: White = 44%, Black = 44%.} 1/2-1/2

[Event "POR-chT 1st League 2017"]
[Site "Leiria"]
[Date "2017.07.17"]
[Round "1"]
[White "Iruzubieta Villaluenga, Jesus M"]
[Black "Sousa, Andre Ventura"]
[Result "0-1"]
[WhiteElo "2428"]
[BlackElo "2368"]
[Annotator "TA"]
[PlyCount "86"]
[EventDate "2017.??.??"]
[EventType "team-tourn"]
[EventCountry "POR"]
[SourceTitle "playchess.com"]
[Source "ChessBase"]
[SourceQuality "1"]

{[%evp 16,86,0,-2,35,8,16,0,19,18,8,0,5,-19,31,31,31,31,32,14,42,-9,-12,-15,11,0,36,35,104,53,289,276,293,298,280,277,285,148,220,97,99,110,174,165,160,141,135,74,41,29,37,37,37,38,39,35,124,-190,-223,-191,-153,-464,-406,-1480,-1378,-1702,-938,-1493,0,-1693,-1467,-957,-1646]} 1. e4 e5 2. Nf3 Nc6 3. d4 exd4 4. Nxd4 Qf6 5. Nxc6 Bc5 6. Qf3 dxc6 7. Nc3 {C45: Scotch Game} Be6 8. Qg3 O-O-O 9. Be3 {LiveBook: 16 Games. The position is equal.} Bb6 $146 ({Predecessor:} 9... Bxe3 10. Qxe3 Kb8 11. f4 Qe7 12. Bd3 Nh6 13. O-O-O f6 14. g3 Nf7 {½-½ (29) Nepomniachtchi,I (2766)-Carlsen,M (2851) Leuven 2017}) 10. Bd3 {aiming for e5.} Qg6 11. Bxb6 axb6 12. O-O-O Nf6 13. Be2 Rxd1+ 14. Rxd1 (14. Bxd1 {looks sharper.} b5 15. a3 c5 16. e5 Nd7 17. Nxb5 Qxg3 18. hxg3 Nxe5 19. Re1) 14... Re8 (14... Qxg3 {keeps more tension.} 15. hxg3 b5 16. a3 h5 17. Rh1 g6) 15. Qxg6 hxg6 16. h4 b5 17. a3 Bd7 18. Bf3 (18. Bd3 $14) 18... c5 $11 {[%cal Bc6c5,Bc5c4][%mdl 32]} 19. b4 c4 20. Re1 Bc6 21. Kd2 Nh5 (21... Re5 $14) 22. g3 (22. a4 $1 $16) 22... Kd7 $2 {[#]} (22... Nf6 $14) 23. a4 $1 $18 {[%mdl 512]} bxa4 24. b5 Bxb5 25. Nxb5 c6 26. Bg4+ ({White should play} 26. Nc3 $18) 26... Ke7 (26... f5 $16) 27. Bxh5 (27. Nc3 $1 $18 {and White stays clearly on top.}) 27... cxb5 {[%mdl 4096] Endgame KRB-KR} 28. Bf3 {Black must now prevent Rb1.} Kd6 (28... b4 $16) 29. c3 Kc5 30. Kc2 $1 a3 31. e5 (31. Ra1 $142) 31... b6 $16 32. Bg4 {Threatens to win with e6.} Rd8 33. e6 fxe6 34. Re5+ Rd5 35. Rxe6 {f4 is the strong threat.} a2 (35... b4 $1 $14) 36. Re1 $2 {[%mdl 8192] [#]} (36. Kb2 $16 Rd2+ 37. Ka1) 36... b4 $1 $19 37. cxb4+ Kxb4 {And now ...c3 would win.} 38. Ra1 $2 {[#]} (38. Kb2 $17 {was the crucial defense.} Rd2+ 39. Ka1) 38... Ka3 $1 39. Kc3 (39. Be6 $142 Rc5 40. Rd1) 39... b5 {[%cal Bb6b5,Bb5c4][%mdl 32]} 40. Be2 Re5 41. Bg4 Rd5 {( -> ...Rd3+)} 42. Be2 Rd8 43. Bxc4 bxc4 {Precision: White = 31%, Black = 50%.} 0-1

[Event "POR-chT 1st League 2017"]
[Site "Leiria"]
[Date "2017.07.17"]
[Round "1"]
[White "Luch, Michal"]
[Black "Santos, Antonio P"]
[Result "1-0"]
[WhiteElo "2393"]
[BlackElo "2237"]
[Annotator "NA"]
[PlyCount "91"]
[EventDate "2017.??.??"]
[EventType "team-tourn"]
[EventCountry "POR"]
[SourceTitle "playchess.com"]
[Source "ChessBase"]
[SourceQuality "1"]
[TimeControl "5400+30"]

1. d4 {[%emt 0:00:00]} d5 {[%emt 0:15:28]} 2. c4 {[%emt 0:00:00]} c6 {[%emt 0:00:20]} 3. Nf3 {[%emt 0:03:14]} Nf6 {[%emt 0:00:10]} 4. e3 {[%emt 0:04:26]} e6 {[%emt 0:00:11]} 5. Bd3 {[%emt 0:00:06]} Nbd7 {[%emt 0:00:51]} 6. Nbd2 {[%emt 0:00:03]} Bd6 {[%emt 0:04:52]} 7. O-O {[%emt 0:00:10]} O-O {[%emt 0:00:07]} 8. e4 {[%emt 0:00:04]} e5 {[%emt 0:00:52]} 9. cxd5 {[%emt 0:00:27]} cxd5 {[%emt 0:00:12]} 10. exd5 {[%emt 0:00:42]} exd4 {[%emt 0:00:11]} 11. Ne4 {[%emt 0:00:55]} Nxe4 {[%emt 0:00:09]} 12. Bxe4 {[%emt 0:00:02]} Nf6 {[%emt 0:10:45] D30: Queen's Gambit Declined: Systems without Nc3} 13. Qxd4 {[%emt 0:02:47]} (13. Bg5 Re8 {½-½ (13) Potkin,V (2599)-Dubov,D (2659) Sochi 2015}) 13... Nxe4 {[%emt 0:00:10]} 14. Qxe4 {[%emt 0:00:02]} Re8 {[%emt 0:00:19]} 15. Qd4 {[%emt 0:01:00]} Bf5 {[%emt 0:00:29]} 16. Bg5 {[%emt 0:04:40]} Qa5 {[%emt 0:19:56]} 17. Bd2 {[%emt 0:03:23]} Qc5 {[%emt 0:00:46]} 18. Bc3 $146 {[%emt 0:02:52]} ({Predecessor:} 18. Rfe1 Rxe1+ 19. Rxe1 Rd8 20. Be3 Qxd4 21. Nxd4 {½-½ (86) Lipka,J (2431)-Simek,P (2253) Czechia 2008}) 18... Qxd4 {[%emt 0:01:17]} 19. Nxd4 {[%emt 0:02:01]} Be4 {[%emt 0:13:42]} 20. Rad1 {[%emt 0:20:54]} a6 {[%emt 0:25:54]} 21. Rfe1 {[%emt 0:17:47]} h6 {[%emt 0:00:15]} 22. Ne6 {[%emt 0:02:11]} fxe6 {[%emt 0:03:32]} 23. Rxe4 {[%emt 0:00:02]} exd5 {[%emt 0:00:12]} 24. Rxe8+ {[%emt 0:00:28]} Rxe8 {[%emt 0:00:02]} 25. Rxd5 {[%emt 0:00:05]} Re6 {[%emt 0:00:30]} 26. h4 {[%emt 0:04:14]} g6 {[%emt 0:00:14]} 27. g4 {[%emt 0:08:07]} Be7 {[%emt 0:01:23]} 28. h5 {[%emt 0:06:22]} gxh5 {[%emt 0:00:03]} 29. Rxh5 {[%emt 0:00:28]} Bg5 {[%emt 0:00:47]} 30. Kg2 {[%emt 0:00:02]} b5 {[%emt 0:00:40]} 31. Kf3 {[%emt 0:03:08]} Kh7 {[%emt 0:00:25]} 32. Rh1 {[%emt 0:00:50]} Re7 {[%emt 0:01:02]} 33. Rd1 {[%emt 0:01:15]} Rf7+ {[%emt 0:00:03]} 34. Kg3 {[%emt 0:00:10]} Bf4+ {[%emt 0:00:33]} 35. Kg2 {[%emt 0:00:10]} Re7 {[%emt 0:00:31]} 36. Rd5 $18 {[%emt 0:01:08]} Rf7 {[%emt 0:00:59]} 37. Rd8 {[%emt 0:00:37]} Rb7 {[%emt 0:00:22]} 38. a3 {[%emt 0:06:41]} Rb6 {[%emt 0:00:16]} 39. Rf8 {[%emt 0:00:29]} Bc1 {[%emt 0:00:17]} 40. f4 {[%emt 0:00:32]} Kg6 {[%emt 0:00:23]} 41. Kf3 {[%emt 0:01:17]} Rc6 {[%emt 0:00:50]} 42. Kg3 {[%emt 0:01:24]} h5 {[%emt 0:00:21]} 43. f5+ {[%emt 0:00:43]} Kg5 {[%emt 0:00:16]} 44. Rg8+ {[%emt 0:00:08]} Kh6 {[%emt 0:00:05]} 45. Rh8+ {[%emt 0:00:15]} Kg5 {[%emt 0:00:10]} 46. Rxh5# 1-0

[Event "POR-chT 1st League 2017"]
[Site "Leiria"]
[Date "2017.07.17"]
[Round "1"]
[White "Espineira Gonzalez, Diego"]
[Black "Polaczek, Richard"]
[Result "1/2-1/2"]
[WhiteElo "2364"]
[BlackElo "2406"]
[Annotator "ChessBase"]
[PlyCount "84"]
[EventDate "2017.??.??"]
[EventType "team-tourn"]
[EventCountry "POR"]
[SourceTitle "playchess.com"]
[Source "ChessBase"]
[SourceQuality "1"]
[TimeControl "5400+30"]

1. e4 e6 2. d4 d5 3. Nd2 Nc6 4. Ngf3 Nf6 5. e5 Nd7 6. Be2 Be7 7. Nf1 O-O 8. Ne3 f6 9. exf6 Nxf6 10. O-O Bd6 11. c4 b6 12. a3 Ne7 13. b4 dxc4 14. Nxc4 Ned5 15. Qc2 Nf4 16. Bxf4 Bxf4 17. Rad1 Bb7 18. Nfe5 Qe8 19. Bf3 Bxf3 20. Nxf3 Nd5 21. Rfe1 a5 22. bxa5 b5 23. Ne3 Qh5 24. Nxd5 exd5 25. Qc3 Ra6 26. h3 Qf7 27. Rd3 c6 28. Re2 Qc7 29. Re6 Qd7 30. Qe1 Rxa5 31. Re7 Qf5 32. Qe6+ Qxe6 33. Rxe6 Rfa8 34. g3 Bc1 35. Ne5 Bxa3 36. Nxc6 Ra4 37. Rb3 Rc4 38. Ne5 Rc1+ 39. Kg2 b4 40. Nd3 Rc4 41. Rb6 Rxd4 42. Nxb4 Bxb4 1/2-1/2